[Event "NRW Class2 1819"]
[Site "Germany"]
[Date "2019.02.17"]
[Round "6.1"]
[White "Van Lith, Arjan"]
[Black "Scheider, Julian"]
[Result "1-0"]
[WhiteElo "2157"]
[BlackElo "2320"]
[PlyCount "81"]
[EventDate "2018.09.16"]
[EventType "team-tourn"]
[EventRounds "9"]
[EventCountry "GER"]
[SourceTitle "EXT 2022"]
[Source "ChessBase"]
[SourceDate "2021.10.06"]
[SourceVersion "1"]
[SourceVersionDate "2021.10.06"]
[SourceQuality "1"]
[WhiteTeam "Suedlohn"]
[BlackTeam "Iserlohn Koenigsspringer"]
[WhiteTeamCountry "GER"]
[BlackTeamCountry "GER"]

1. e4 c5 2. Nf3 d6 3. Bb5+ Nd7 4. 0-0 a6 5. Bd3 Ngf6 6. a4 e6 7. Re1 Be7 8. c3 b6 9. Bc2 Bb7 10. d4 Rc8 11. Nbd2 Qc7 12. Bd3 0-0 13. Qe2 Nb8 14. e5 Nfd7 15. Nc4 Bxf3 16. Qxf3 cxd4 17. cxd4 dxe5 18. dxe5 Nc6 19. Bf4 Nb4 20. Nd6 Bxd6 21. exd6 Qc5 22. Rec1 Qd4 23. Rxc8 Rxc8 24. Qb7 Rf8 25. Qxd7 Nxd3 26. Be3 Qxb2 27. Rf1 b5 28. Qe7 Qb4 29. Rd1 Qxa4 30. Rf1 Qb4 31. Rd1 Qb3 32. Ra1 Qc3 33. Rd1 Qb3 34. Ra1 b4 35. h3 Qd5 36. Rxa6 b3 37. Rb6 Ra8 38. d7 h6 39. Ra6 Rf8 40. Rd6 b2 41. Qxf8+ 1-0

[Event "NRW Class1 1718"]
[Site "Germany"]
[Date "2018.04.08"]
[Round "8.1"]
[White "Scheider, Julian"]
[Black "Kabatianski, Alexander"]
[Result "1/2-1/2"]
[WhiteElo "2306"]
[BlackElo "2307"]
[PlyCount "69"]
[EventDate "2017.09.17"]
[EventType "team-tourn"]
[EventRounds "9"]
[EventCountry "GER"]
[SourceTitle "EXT 2019"]
[Source "ChessBase"]
[SourceDate "2018.10.10"]
[SourceVersion "1"]
[SourceVersionDate "2018.10.10"]
[SourceQuality "1"]
[WhiteTeam "Iserlohn Koenigsspringer"]
[BlackTeam "Emsdetten Rochade"]
[WhiteTeamCountry "GER"]
[BlackTeamCountry "GER"]

1. e4 e6 2. d4 d5 3. Nc3 Bb4 4. Nge2 Nc6 5. a3 Ba5 6. Be3 Nge7 7. e5 0-0 8. Qd2 Nf5 9. f4 f6 10. g3 fxe5 11. fxe5 Bd7 12. Bg2 Nxe3 13. Qxe3 Ne7 14. 0-0-0 Nf5 15. Qd2 Rc8 16. b4 Bb6 17. Kb2 a5 18. Na2 axb4 19. axb4 Bb5 20. Nac1 Qd7 21. Nb3 Bc4 22. Bh3 Ra8 23. Ra1 Rxa1 24. Rxa1 Bxe2 25. Bxf5 Bc4 26. Bg4 Qf7 27. Qe3 c6 28. Kc3 h6 29. Be2 Bxe2 30. Qxe2 Bd8 31. Ra7 Bb6 32. Ra1 Bd8 33. Ra7 Bb6 34. Ra1 Bd8 35. Ra7 1/2-1/2

[Event "Oberliga NRW 1617"]
[Site "Germany"]
[Date "2016.10.23"]
[Round "2.1"]
[White "Koscielski, Janusch"]
[Black "Scheider, Julian"]
[Result "1/2-1/2"]
[WhiteElo "2332"]
[BlackElo "2345"]
[PlyCount "90"]
[EventDate "2016.09.25"]
[EventType "team-tourn"]
[EventRounds "9"]
[EventCountry "GER"]
[SourceTitle "EXT 2020"]
[Source "ChessBase"]
[SourceDate "2019.10.17"]
[SourceVersion "1"]
[SourceVersionDate "2019.10.17"]
[SourceQuality "1"]
[WhiteTeam "Wattenscheid"]
[BlackTeam "Iserlohn Koenigsspringer"]
[WhiteTeamCountry "GER"]
[BlackTeamCountry "GER"]

1. g3 e5 2. Bg2 d5 3. d3 c6 4. Nf3 Bd6 5. 0-0 Ne7 6. e4 0-0 7. b3 f6 8. Bb2 Be6 9. Nbd2 d4 10. Qe2 a5 11. a4 Na6 12. Nc4 Bb4 13. Nfd2 b5 14. Na3 Qb6 15. Nab1 bxa4 16. Nc4 Qc7 17. bxa4 Bxc4 18. dxc4 Nc5 19. Nd2 Nc8 20. Nb3 Nb6 21. Nxc5 Bxc5 22. c3 Rfd8 23. Rfd1 Qe7 24. Bf1 Rd6 25. cxd4 exd4 26. Qc2 Rad8 27. Bd3 g6 28. Rab1 Nd7 29. Bc1 Ne5 30. Bf4 g5 31. Bxe5 fxe5 32. Qd2 Bb4 33. Qe2 Rf8 34. Qg4 h6 35. Rf1 Kh7 36. Kg2 Rdf6 37. h4 Rg8 38. hxg5 Rxg5 39. Qh3 Qf7 40. Be2 Qg6 41. Bf3 Qf7 42. Be2 c5 43. Rb3 Rg7 44. Rf3 Rxf3 45. Bxf3 d3 1/2-1/2

[Event "NRW Class1 1516"]
[Site "Germany"]
[Date "2015.12.20"]
[Round "4.1"]
[White "Scholz, Christian"]
[Black "Scheider, Julian"]
[Result "1/2-1/2"]
[WhiteElo "2333"]
[BlackElo "2291"]
[PlyCount "47"]
[EventDate "2015.09.27"]
[EventType "team-tourn"]
[EventRounds "9"]
[EventCountry "GER"]
[SourceTitle "EXT 2017"]
[Source "ChessBase"]
[SourceDate "2016.10.25"]
[SourceVersion "1"]
[SourceVersionDate "2016.10.25"]
[SourceQuality "1"]
[WhiteTeam "Katernberg II"]
[BlackTeam "Iserlohn Koenigsspringer"]
[WhiteTeamCountry "GER"]
[BlackTeamCountry "GER"]

1. d4 Nf6 2. c4 c5 3. d5 b5 4. Qc2 Na6 5. a3 bxc4 6. e4 e6 7. Nc3 Nc7 8. Bxc4 exd5 9. exd5 Be7 10. Nf3 0-0 11. 0-0 d6 12. h3 Nd7 13. Bf4 Nb6 14. Ba2 Bb7 15. Rfd1 c4 16. Nd4 Ncxd5 17. Nxd5 Bxd5 18. Nf5 g6 19. Nh6+ Kh8 20. Be3 Be6 21. Bd4+ Bf6 22. Bxf6+ Qxf6 23. Rxd6 Qe5 24. Rd2 1/2-1/2

[Event "NRW Class2 1415"]
[Site "Germany"]
[Date "2015.03.22"]
[Round "8.1"]
[White "Nordsieck, Thomas"]
[Black "Scheider, Julian"]
[Result "1/2-1/2"]
[WhiteElo "2276"]
[BlackElo "2284"]
[PlyCount "128"]
[EventDate "2014.09.14"]
[EventType "team-tourn"]
[EventRounds "9"]
[EventCountry "GER"]
[SourceTitle "EXT 2017"]
[Source "ChessBase"]
[SourceDate "2016.10.25"]
[SourceVersion "1"]
[SourceVersionDate "2016.10.25"]
[SourceQuality "1"]
[WhiteTeam "Herford Koenigsspringer"]
[BlackTeam "Iserlohn Koenigsspringer"]
[WhiteTeamCountry "GER"]
[BlackTeamCountry "GER"]

1. Nf3 Nf6 2. g3 g6 3. Bg2 Bg7 4. 0-0 d5 5. c4 c6 6. cxd5 cxd5 7. d4 Ne4 8. Ne5 0-0 9. Nd2 Nxd2 10. Bxd2 Nc6 11. Nxc6 bxc6 12. Bc3 Qb6 13. Qd2 Re8 14. Rfe1 e5 15. dxe5 Bxe5 16. Bxe5 Rxe5 17. Rac1 Bf5 18. e3 Rb8 19. b3 h5 20. Qc3 Re6 21. Red1 Qb4 22. Rd4 Qxc3 23. Rxc3 Rb6 24. h4 Kf8 25. Kf1 Re7 26. Ra4 Rd7 27. Ke1 Ke7 28. Rd4 Ra6 29. Rd2 Rb6 30. Kd1 Kd6 31. Kc1 a5 32. e4 Be6 33. Rcd3 Rb5 34. exd5 cxd5 35. Rc3 Rc7 36. Rxc7 Kxc7 37. Kc2 Kd6 38. Bf1 Rb4 39. a3 Rb8 40. Rd4 Bf5+ 41. Kb2 Ke5 42. Rd2 Be4 43. Be2 Bf5 44. Bf1 Be6 45. Bd3 d4 46. f4+ Kd6 47. Bc2 Kc5 48. Bd1 Bf5 49. Re2 d3 50. Re5+ Kd4 51. Kc1 Bg4 52. Rxa5 Bxd1 53. Kxd1 Rxb3 54. Ra7 f5 55. Ra6 Rb1+ 56. Kd2 Rb2+ 57. Kd1 Ra2 58. a4 Ke3 59. Re6+ Kd4 60. Rd6+ Ke3 61. Re6+ Kf3 62. Rxg6 Rxa4 63. Kd2 Rd4 64. Rg8 Rd5 1/2-1/2

[Event "GER CupT V4"]
[Site "Braunschweig"]
[Date "2015.01.10"]
[Round "1.1"]
[White "Hellwig, Tobias"]
[Black "Scheider, Julian"]
[Result "0-1"]
[WhiteElo "2184"]
[BlackElo "2345"]
[PlyCount "76"]
[EventDate "2015.01.10"]
[EventType "team-k.o."]
[EventRounds "2"]
[EventCountry "GER"]
[SourceTitle "EXT 2019"]
[Source "ChessBase"]
[SourceDate "2018.10.10"]
[SourceVersion "1"]
[SourceVersionDate "2018.10.10"]
[SourceQuality "1"]
[WhiteTeam "Sangerhausen"]
[BlackTeam "Iserlohn Koenigsspringer"]
[WhiteTeamCountry "GER"]
[BlackTeamCountry "GER"]

1. d4 Nf6 2. Nf3 c5 3. c3 g6 4. g3 b6 5. Bg2 Bb7 6. 0-0 Bg7 7. Qb3 Bd5 8. c4 Bc6 9. d5 Bb7 10. Nc3 d6 11. e4 Nbd7 12. Bf4 Ng4 13. Rae1 0-0 14. h3 Nge5 15. Nxe5 Nxe5 16. Bd2 Ba6 17. Nb5 Bxb5 18. Qxb5 a6 19. Qb3 b5 20. cxb5 axb5 21. a3 c4 22. Qc2 Nd3 23. Rb1 Bd4 24. Bc3 Bc5 25. Bf3 Qb6 26. b3 Qa7 27. bxc4 bxc4 28. Bb4 Bd4 29. Qxc4 Bxf2+ 30. Kg2 Ne5 31. Qb3 Bc5 32. Bxc5 Qxc5 33. a4 Qd4 34. Ra1 Rfb8 35. Qd1 Rb2+ 36. Kh1 Rd2 37. Qb1 Qe3 38. Qe1 Qxf3+ 0-1

[Event "NRW Class1 1314"]
[Site "Germany"]
[Date "2014.04.27"]
[Round "9.1"]
[White "Rosen, Bernd"]
[Black "Scheider, Julian"]
[Result "1/2-1/2"]
[WhiteElo "2241"]
[BlackElo "2262"]
[PlyCount "37"]
[EventDate "2013.09.15"]
[EventType "team-tourn"]
[EventRounds "9"]
[EventCountry "GER"]
[SourceTitle "EXT 2015"]
[Source "ChessBase"]
[SourceDate "2014.11.20"]
[SourceVersion "1"]
[SourceVersionDate "2014.11.20"]
[SourceQuality "1"]
[WhiteTeam "Katernberg II"]
[BlackTeam "Iserlohn Koenigsspringer"]
[WhiteTeamCountry "GER"]
[BlackTeamCountry "GER"]

1. Nf3 Nf6 2. c4 g6 3. g3 Bg7 4. Bg2 0-0 5. 0-0 c6 6. d4 d5 7. Qb3 Qb6 8. Nc3 Be6 9. c5 Qa6 10. Qb4 Re8 11. Re1 b6 12. Bf4 Nbd7 13. cxb6 axb6 14. Ng5 Bf5 15. e4 dxe4 16. Ngxe4 Bxe4 17. Nxe4 Nd5 18. Qd2 N7f6 19. a3 1/2-1/2

[Event "NRW Class1 1314"]
[Site "Germany"]
[Date "2014.03.09"]
[Round "7.1"]
[White "Scheider, Julian"]
[Black "Malcher, Werner"]
[Result "1-0"]
[WhiteElo "2262"]
[BlackElo "2322"]
[PlyCount "87"]
[EventDate "2013.09.15"]
[EventType "team-tourn"]
[EventRounds "9"]
[EventCountry "GER"]
[SourceTitle "EXT 2015"]
[Source "ChessBase"]
[SourceDate "2014.11.20"]
[SourceVersion "1"]
[SourceVersionDate "2014.11.20"]
[SourceQuality "1"]
[WhiteTeam "Iserlohn Koenigsspringer"]
[BlackTeam "Bielefeld"]
[WhiteTeamCountry "GER"]
[BlackTeamCountry "GER"]

1. e4 c5 2. Nf3 d6 3. d4 cxd4 4. Nxd4 Nf6 5. Nc3 Nc6 6. Bg5 e6 7. Qd2 a6 8. 0-0-0 h6 9. Nxc6 bxc6 10. Bf4 d5 11. Qe3 Be7 12. Be2 0-0 13. h4 Re8 14. g4 Nd7 15. Qg3 e5 16. Bd2 d4 17. Na4 Nf6 18. Qg2 Nh7 19. g5 g6 20. Rdg1 Be6 21. h5 Bxg5 22. hxg6 fxg6 23. Rxh6 Bxd2+ 24. Kxd2 g5 25. b3 Ra7 26. Rxe6 Rxe6 27. Bc4 Qd6 28. Qg4 Rae7 29. Nc5 Qxc5 30. Bxe6+ Kh8 31. Rg3 d3 32. Rxd3 Qxf2+ 33. Kc3 Qf4 34. Qh3 Kg7 35. Bf5 Nf6 36. Kb2 Re8 37. Rd6 Rh8 38. Qd3 Rf8 39. Rxc6 g4 40. Rc3 Kh6 41. Qd6 Rf7 42. Qe6 Kg7 43. Qxa6 Qf2 44. Qd6 1-0

[Event "NRW Class1 1314"]
[Site "Germany"]
[Date "2013.10.06"]
[Round "2.1"]
[White "Schmitz, Philipp"]
[Black "Scheider, Julian"]
[Result "1/2-1/2"]
[WhiteElo "2196"]
[BlackElo "2262"]
[PlyCount "52"]
[EventDate "2013.09.15"]
[EventType "team-tourn"]
[EventRounds "9"]
[EventCountry "GER"]
[SourceTitle "EXT 2015"]
[Source "ChessBase"]
[SourceDate "2014.11.20"]
[SourceVersion "1"]
[SourceVersionDate "2014.11.20"]
[SourceQuality "1"]
[WhiteTeam "Lieme"]
[BlackTeam "Iserlohn Koenigsspringer"]
[WhiteTeamCountry "GER"]
[BlackTeamCountry "GER"]

1. e4 c5 2. Nf3 d6 3. d4 cxd4 4. Nxd4 Nf6 5. Nc3 Nc6 6. Bg5 e6 7. Qd2 a6 8. 0-0-0 Bd7 9. Nb3 Qc7 10. f4 h6 11. Bxf6 gxf6 12. Kb1 b5 13. a3 Rb8 14. Be2 h5 15. Rhf1 h4 16. Rf3 b4 17. axb4 Nxb4 18. f5 e5 19. Nd5 Nxd5 20. Qxd5 Bc6 21. Qc4 Qb6 22. Rd2 Qb7 23. Rc3 Bb5 24. Qb4 Bc6 25. Qc4 Bb5 26. Qb4 Bc6 1/2-1/2

[Event "Dortmund Sparkassen op-A"]
[Site "Dortmund"]
[Date "2013.08.04"]
[Round "9"]
[White "Scheider, Julian"]
[Black "Michalczak, Thomas"]
[Result "1/2-1/2"]
[WhiteElo "2305"]
[BlackElo "2299"]
[PlyCount "32"]
[EventDate "2013.07.27"]
[EventType "swiss"]
[EventRounds "9"]
[EventCountry "GER"]
[SourceTitle "CBM 155 Extra"]
[Source "ChessBase"]
[SourceDate "2013.08.26"]
[SourceVersion "1"]
[SourceVersionDate "2013.08.26"]
[SourceQuality "1"]

1. e4 e5 2. Nf3 Nc6 3. d4 exd4 4. Nxd4 Nf6 5. Nxc6 bxc6 6. e5 Qe7 7. Qe2 Nd5 8. c4 Ba6 9. b3 0-0-0 10. Bb2 Qg5 11. Nd2 Bb4 12. h4 Qg6 13. Qd3 Qxd3 14. Bxd3 Nf4 15. Bf1 c5 16. a3 Ba5 1/2-1/2

[Event "Dortmund Sparkassen op-A"]
[Site "Dortmund"]
[Date "2013.07.27"]
[Round "1"]
[White "Melmer, Felix"]
[Black "Scheider, Julian"]
[Result "0-1"]
[WhiteElo "2024"]
[BlackElo "2305"]
[PlyCount "102"]
[EventDate "2013.07.27"]
[EventType "swiss"]
[EventRounds "9"]
[EventCountry "GER"]
[SourceTitle "CBM 155 Extra"]
[Source "ChessBase"]
[SourceDate "2013.08.26"]
[SourceVersion "1"]
[SourceVersionDate "2013.08.26"]
[SourceQuality "1"]

1. f4 d5 2. Nf3 g6 3. g3 Bg7 4. Bg2 c5 5. 0-0 Nc6 6. d3 Nf6 7. c3 0-0 8. Na3 Rb8 9. Nh4 d4 10. e4 dxe3 11. Bxe3 Ng4 12. Bxc5 Qa5 13. Bf2 Nxf2 14. Rxf2 Rd8 15. Qc2 Be6 16. Nc4 Qc7 17. Ne3 Qb6 18. Qe2 Qb5 19. Bf1 Qa5 20. f5 Bd7 21. fxg6 hxg6 22. Nc4 Qg5 23. Re1 b5 24. Ne3 b4 25. d4 bxc3 26. bxc3 Rbc8 27. Nf3 Qh5 28. Ng2 Qa5 29. Qe3 Bg4 30. Bc4 e6 31. Bb3 Rc7 32. Kh1 Ne7 33. Qf4 Bxf3 34. Rxf3 Nd5 35. Qg5 Rxc3 36. Rxc3 Bf6 37. Qg4 Qxc3 38. Rd1 Kg7 39. Qe4 Qb4 40. Rf1 Qxd4 41. Qf3 Qc3 42. Qf2 Qd4 43. Qf3 Rd7 44. Rd1 Qc3 45. Qf2 Nb6 46. Rxd7 Nxd7 47. Qxa7 Bd4 48. Qxd7 Qa1+ 49. Ne1 Qxe1+ 50. Kg2 Qe2+ 51. Kh3 Qf1+ 0-1

[Event "NRW Class2 1213"]
[Site "Germany"]
[Date "2013.02.17"]
[Round "6.1"]
[White "Ebert, Manuel"]
[Black "Scheider, Julian"]
[Result "1/2-1/2"]
[WhiteElo "2105"]
[BlackElo "2335"]
[PlyCount "100"]
[EventDate "2012.09.16"]
[EventType "team-tourn"]
[EventRounds "9"]
[EventCountry "GER"]
[SourceTitle "EXT 2017"]
[Source "ChessBase"]
[SourceDate "2016.10.25"]
[SourceVersion "1"]
[SourceVersionDate "2016.10.25"]
[SourceQuality "1"]
[WhiteTeam "Guetersloh"]
[BlackTeam "Iserlohn Koenigsspringer"]
[WhiteTeamCountry "GER"]
[BlackTeamCountry "GER"]

1. e4 c5 2. Nf3 d6 3. d4 cxd4 4. Nxd4 Nf6 5. Nc3 Nc6 6. Bc4 Qb6 7. Nb3 e6 8. Be3 Qc7 9. Bd3 a6 10. 0-0 Be7 11. f4 b5 12. a4 b4 13. Nb1 0-0 14. N1d2 e5 15. f5 d5 16. Qf3 d4 17. Bf2 a5 18. Qe2 Kh8 19. Rfc1 Bb7 20. c3 bxc3 21. bxc3 dxc3 22. Rxc3 Bb4 23. Rc2 Qe7 24. Rac1 Rfc8 25. Bb5 Na7 26. Rxc8+ Nxc8 27. Bc5 Bxc5+ 28. Rxc5 Nd6 29. Bd3 Qd8 30. Kh1 Nd7 31. Rc2 Qb6 32. Nc4 Nxc4 33. Bxc4 Nf6 34. Bxf7 Bxe4 35. Rc5 Rd8 36. h3 Bxf5 37. Rxe5 Bd7 38. Rxa5 Be8 39. Ra6 Qb4 40. Bc4 Bxa4 41. Na5 Qb1+ 42. Kh2 Qb8+ 43. g3 Qb4 44. Nc6 Bxc6 45. Rxc6 Qc3 46. Bd5 Qa5 47. Bg2 Qg5 48. Re6 h6 49. Re5 Qc1 50. Qf3 Qc2 1/2-1/2

[Event "Dortmund Sparkassen op-A"]
[Site "Dortmund"]
[Date "2012.07.20"]
[Round "7"]
[White "Scheider, Julian"]
[Black "Zuse, Peter"]
[Result "1-0"]
[WhiteElo "2290"]
[BlackElo "2278"]
[PlyCount "77"]
[EventDate "2012.07.14"]
[EventType "swiss"]
[EventRounds "9"]
[EventCountry "GER"]
[SourceTitle "CBM 149 Extra"]
[Source "ChessBase"]
[SourceDate "2012.08.24"]
[SourceVersion "1"]
[SourceVersionDate "2012.08.24"]
[SourceQuality "1"]

1. e4 c5 2. Nf3 d6 3. d4 cxd4 4. Nxd4 Nf6 5. Nc3 a6 6. Be3 e5 7. Nb3 Be6 8. f4 exf4 9. Bxf4 Nc6 10. Qd2 d5 11. 0-0-0 Bb4 12. Qd3 Bxc3 13. Qxc3 0-0 14. exd5 Nxd5 15. Qg3 Nce7 16. Nd4 Qa5 17. Be5 Ng6 18. Nxe6 fxe6 19. Bc4 Rac8 20. Bxd5 exd5 21. Qb3 Rc4 22. Bg3 Qc5 23. Rhe1 b5 24. Qd3 Rc8 25. Re2 d4 26. Kb1 a5 27. Qe4 Qh5 28. Rxd4 Nf8 29. Qd5+ Qxd5 30. Rxd5 R4c5 31. Rxc5 Rxc5 32. a4 bxa4 33. Re5 Rc4 34. Rxa5 Nd7 35. c3 Kf7 36. Ka2 h6 37. Ka3 Nc5 38. Ra7+ Kf6 39. Rc7 1-0

[Event "Dortmund Sparkassen op-A"]
[Site "Dortmund"]
[Date "2012.07.14"]
[Round "1"]
[White "Scheider, Julian"]
[Black "Giraud, Valerian"]
[Result "1-0"]
[WhiteElo "2290"]
[BlackElo "2024"]
[PlyCount "43"]
[EventDate "2012.07.14"]
[EventType "swiss"]
[EventRounds "9"]
[EventCountry "GER"]
[SourceTitle "CBM 149 Extra"]
[Source "ChessBase"]
[SourceDate "2012.08.24"]
[SourceVersion "1"]
[SourceVersionDate "2012.08.24"]
[SourceQuality "1"]

1. e4 e6 2. d4 d5 3. Nc3 Bb4 4. e5 c5 5. a3 Bxc3+ 6. bxc3 Ne7 7. Qg4 0-0 8. Bd3 Qa5 9. Bd2 Nbc6 10. Nf3 f5 11. exf6 Rxf6 12. Qh5 Nf5 13. g4 c4 14. gxf5 cxd3 15. Rg1 Bd7 16. Qg5 Rf7 17. f6 g6 18. Nh4 Kf8 19. Nxg6+ hxg6 20. Qxg6 Ke8 21. Qh5 Ne7 22. Rg7 1-0

[Event "GER-ch 83rd"]
[Site "Osterburg"]
[Date "2012.03.09"]
[Round "8"]
[White "Scheider, Julian"]
[Black "Feuerstack, Aljoscha"]
[Result "1/2-1/2"]
[WhiteElo "2275"]
[BlackElo "2438"]
[PlyCount "90"]
[EventDate "2012.03.02"]
[EventType "swiss"]
[EventRounds "9"]
[EventCountry "GER"]
[SourceTitle "CBM 147 Extra"]
[Source "ChessBase"]
[SourceDate "2012.04.24"]
[SourceVersion "1"]
[SourceVersionDate "2012.04.24"]
[SourceQuality "1"]

1. e4 c5 2. Nf3 e6 3. d4 cxd4 4. Nxd4 Nf6 5. Nc3 Nc6 6. Ndb5 Bb4 7. a3 Bxc3+ 8. Nxc3 d5 9. exd5 exd5 10. Bd3 0-0 11. 0-0 d4 12. Ne2 Bg4 13. f3 Bh5 14. Bg5 Bg6 15. Bh4 Qd6 16. Qd2 Rad8 17. Rad1 Rd7 18. Rfe1 Rc8 19. Bf2 Rcd8 20. Qf4 Qxf4 21. Nxf4 Nd5 22. Nxg6 hxg6 23. Re4 a6 24. g3 Nb6 25. Rde1 Na4 26. Re8+ Rxe8 27. Rxe8+ Kh7 28. b3 Nc5 29. Kf1 Nxd3 30. cxd3 Rd5 31. Rc8 Rb5 32. b4 a5 33. bxa5 Rxa5 34. Rc7 Rxa3 35. Rxb7 Ne5 36. f4 Ng4 37. Bxd4 Rxd3 38. Bg1 Rd1+ 39. Kg2 Rd2+ 40. Kf3 f5 41. h3 Nf6 42. Be3 Rh2 43. Bd4 Nh5 44. Bf2 Nf6 45. Bd4 Nh5 1/2-1/2

[Event "GER-ch 83rd"]
[Site "Osterburg"]
[Date "2012.03.04"]
[Round "3"]
[White "Scheider, Julian"]
[Black "Lubbe, Nikolas"]
[Result "1/2-1/2"]
[WhiteElo "2275"]
[BlackElo "2429"]
[PlyCount "89"]
[EventDate "2012.03.02"]
[EventType "swiss"]
[EventRounds "9"]
[EventCountry "GER"]
[SourceTitle "CBM 147 Extra"]
[Source "ChessBase"]
[SourceDate "2012.04.24"]
[SourceVersion "1"]
[SourceVersionDate "2012.04.24"]
[SourceQuality "1"]

1. e4 c5 2. Nf3 d6 3. d4 cxd4 4. Nxd4 Nf6 5. Nc3 Nc6 6. Bg5 Qb6 7. Be3 a6 8. Qd2 Ng4 9. Na4 Qc7 10. Nxc6 Qxc6 11. Nb6 Rb8 12. Nxc8 Rxc8 13. Bd3 g6 14. 0-0 Bg7 15. c3 0-0 16. h3 Ne5 17. Rad1 Nxd3 18. Qxd3 Qa4 19. Qb1 Qc4 20. Bd4 Bxd4 21. Rxd4 Qe6 22. Rfd1 Rc5 23. Rd5 Rc4 24. f3 f5 25. exf5 gxf5 26. Qd3 Rh4 27. c4 Qg6 28. Kf1 Rf7 29. Rd2 b6 30. b3 Rh5 31. Qd4 Qg3 32. Qxb6 Rg5 33. Qf2 Qh2 34. c5 dxc5 35. Qxc5 h6 36. Qg1 Qg3 37. Qd4 Kh7 38. Qe5 f4 39. Qe4+ Rg6 40. Rf5 Rxf5 41. Qxf5 Qh2 42. Qf7+ Rg7 43. Qf5+ Rg6 44. Qc5 Re6 45. Qf5+ 1/2-1/2

[Event "NRW-ch"]
[Site "Muenster"]
[Date "2011.10.27"]
[Round "6"]
[White "Kusnetsov, Mark"]
[Black "Scheider, Julian"]
[Result "1/2-1/2"]
[WhiteElo "2174"]
[BlackElo "2247"]
[PlyCount "144"]
[EventDate "2011.10.23"]
[EventType "swiss"]
[EventRounds "7"]
[EventCountry "GER"]
[SourceTitle "EXT 2013"]
[Source "ChessBase"]
[SourceDate "2012.11.22"]
[SourceVersion "1"]
[SourceVersionDate "2012.11.22"]
[SourceQuality "1"]

1. e4 c5 2. Nf3 d6 3. Nc3 Nc6 4. Bc4 Nf6 5. 0-0 e6 6. Re1 a6 7. a4 Be7 8. d3 0-0 9. Bg5 Rb8 10. Qe2 Nd7 11. Bxe7 Qxe7 12. Rad1 Nde5 13. Nxe5 dxe5 14. Qh5 g6 15. Qh6 Nd4 16. Bb3 b5 17. axb5 axb5 18. Re3 Qf6 19. Rh3 Qg7 20. Qd2 Rd8 21. Ne2 Bb7 22. Nxd4 Rxd4 23. Qa5 Qf8 24. c3 Rd6 25. Qc7 c4 26. dxc4 Rxd1+ 27. Bxd1 Qd8 28. Qxd8+ Rxd8 29. Be2 Rd2 30. Re3 bxc4 31. Kf1 Rxb2 32. Bxc4 Kf8 33. f3 Rc2 34. Bb5 Ke7 35. Rd3 Bc8 36. c4 Ra2 37. Re3 Ba6 38. Rb3 Bc8 39. Re3 Bd7 40. Rb3 Ra1+ 41. Kf2 Ra2+ 42. Kg3 Bc8 43. Rc3 f5 44. Rc1 Kf6 45. Rd1 Ba6 46. exf5 gxf5 47. Bxa6 Rxa6 48. Rc1 Ke7 49. c5 Ra5 50. Kh4 Ra2 51. c6 Ra8 52. g3 Kd6 53. Kg5 Rf8 54. c7 Kd7 55. Rc5 Rc8 56. Rxe5 Rxc7 57. Kf6 Rc6 58. f4 Rd6 59. h4 Rb6 60. h5 h6 61. Re3 Rd6 62. Kg6 Ke7 63. Kg7 Rd4 64. Ra3 e5 65. Ra7+ Ke6 66. Ra6+ Ke7 67. fxe5 Re4 68. Rxh6 Rxe5 69. Kg6 Re3 70. Kxf5 Rxg3 71. Ra6 Kf7 72. Ra7+ Kg8 1/2-1/2

[Event "NRW-ch"]
[Site "Muenster"]
[Date "2011.10.26"]
[Round "5"]
[White "Scheider, Julian"]
[Black "Hassenrueck, Helmut"]
[Result "1-0"]
[WhiteElo "2247"]
[BlackElo "2227"]
[PlyCount "67"]
[EventDate "2011.10.23"]
[EventType "swiss"]
[EventRounds "7"]
[EventCountry "GER"]
[SourceTitle "EXT 2013"]
[Source "ChessBase"]
[SourceDate "2012.11.22"]
[SourceVersion "1"]
[SourceVersionDate "2012.11.22"]
[SourceQuality "1"]

1. e4 e5 2. Nf3 Nc6 3. d4 exd4 4. Nxd4 Nf6 5. Nxc6 bxc6 6. e5 Qe7 7. Qe2 Nd5 8. c4 Nb6 9. Nc3 Bb7 10. b3 a5 11. Qe4 a4 12. Rb1 axb3 13. axb3 g6 14. Bd3 Bg7 15. 0-0 0-0 16. f4 Rfe8 17. Qf3 f6 18. Ne4 f5 19. Nf6+ Bxf6 20. exf6 Qxf6 21. Bb2 Qf7 22. Bxf5 gxf5 23. Qc3 Qg6 24. Rf3 Kf7 25. Rg3 Re6 26. Rxg6 Rxg6 27. Qe5 d6 28. Qxf5+ Kg8 29. Qd3 c5 30. g3 Nd7 31. Re1 Ra2 32. Qf5 Ne5 33. fxe5 Rxb2 34. exd6 1-0

[Event "Moehnesee Cup-A 37th"]
[Site "Moehnesee"]
[Date "2011.09.04"]
[Round "6"]
[White "Scheider, Julian"]
[Black "Harff, Marcel"]
[Result "1-0"]
[WhiteElo "2247"]
[BlackElo "2232"]
[PlyCount "97"]
[EventDate "2011.09.01"]
[EventType "swiss"]
[EventRounds "7"]
[EventCountry "GER"]
[SourceTitle "EXT 2013"]
[Source "ChessBase"]
[SourceDate "2012.11.22"]
[SourceVersion "1"]
[SourceVersionDate "2012.11.22"]
[SourceQuality "1"]

1. Nf3 c5 2. e4 Nc6 3. d4 cxd4 4. Nxd4 d5 5. Bb5 dxe4 6. Nxc6 Qxd1+ 7. Kxd1 a6 8. Ba4 Bd7 9. Nc3 Bxc6 10. Bxc6+ bxc6 11. Nxe4 e5 12. Ke2 f5 13. Nd2 Bd6 14. Nc4 Bc7 15. Rd1 Nf6 16. Nd6+ Bxd6 17. Rxd6 Ke7 18. Rxc6 Rhc8 19. Rxc8 Rxc8 20. c3 Ke6 21. Bd2 f4 22. Rc1 g5 23. h3 h5 24. c4 e4 25. h4 e3 26. fxe3 gxh4 27. exf4 Rg8 28. Kf1 Ne4 29. Be1 Rf8 30. Rc2 Rxf4+ 31. Ke2 Ng3+ 32. Bxg3 hxg3 33. Ke3 Kf5 34. c5 h4 35. c6 Re4+ 36. Kf3 Rf4+ 37. Ke3 Re4+ 38. Kd3 Re8 39. c7 Rc8 40. Ke3 Kg5 41. Rc5+ Kg4 42. Rc4+ Kg5 43. b4 Re8+ 44. Kf3 Rf8+ 45. Ke2 Re8+ 46. Kf1 Rf8+ 47. Kg1 Re8 48. Rc1 Rc8 49. a4 1-0